Statistics for Digimon Franchise

Click here to take the quiz!

General Stats

  • This quiz has been taken 3 times
  • The average score is 29 of 87

Answer Stats

Type Year Name Info % Correct
Film2000Digimon: The Movie20th Century Fox
100%
Anime Series1999-2000Digimon AdventureFuji TV
67%
Video Game1997The Digital MonsterBandai
67%
Anime Series2006-2007Digimon Data SquadFuji TV
33%
Video Game2010Digimon Story: Lost EvolutionBandai Namco Games
33%
Video Game2012Digimon World Re:DigitizeBandai Namco Games
33%
Video Game2011Digimon CollectorsBandai
33%
Video Game2011Digimon JintrixBandai
33%
Video Game2011Digimon Story: Super Xros Wars BlueNamco Bandai Games
33%
Video Game2011Digimon Story: Super Xros Wars RedNamco Bandai Games
33%
Anime Series2010-2011Digimon FusionTV Asahi
33%
Video Game2009Digimon MastersMovegames / Joymax
33%
Manga Series2006-2008Digimon NextShueisha
33%
Short Film2009Digimon Savers 3D: The Digital World in Imminent Danger!Toei
33%
Video Game2013Digimon World Re:Digitize DecodeBandai Namco Games
33%
Short Film2009Digimon Adventure 3D: Digimon Grand Prix!Toei
33%
Video Game2008Digimon World ChampionshipBandai Namco Games
33%
Video Game2006Digimon World Data SquadBandai Namco Games
33%
Video Game2007Digimon World DuskBandai Namco Games
33%
Video Game2007Digimon World DawnBandai Namco Games
33%
Video Game2012Digimon Heroes!Bandai
33%
Video Game2014Digimon Fusion FightersBandai
33%
Video Game2014Digimon All-Star RumbleBandai Namco Games
33%
Film2017LossToei
33%
Film2020Digimon Adventure: Last Evolution KizunaToei
33%
Video Game2019April Monsters: Protect the WorldBandai
33%
Video Game2018Digimon EncountersBandai
33%
Film2018FutureToei
33%
Video Game2017Digimon Story: Cyber Sleuth - Hacker's MemoryBandai Namco Entertainment
33%
Video Game2017Digimon World: Next Order International EditionBandai Namco Entertainment
33%
Film2017CoexistenceToei
33%
Anime Series2016-2017Digimon Universe: App MonstersTXN
33%
Short Film2006Digimon Savers: Ultimate Power! Burst Mode Activated!!Toei
33%
Video Game2016Digimon LinksBandai
33%
Video Game2016Digimon Universe Appli MonstersBandai Namco Entertainment
33%
Video Game2016Digimon World: Next OrderBandai Namco Entertainment
33%
Film2016ConfessionToei
33%
Film2016DeterminationToei
33%
Video Game2015Digimon Soul ChaserBandai
33%
Video Game2015Digimon Story: Cyber SleuthBandai Namco Entertainment
33%
Film2015ReunionToei
33%
Video Game2006Digimon World DSBandai Namco Games
33%
Video Game2020Digimon SurviveBandai Namco Entertainment
33%
Manga Series1998-2003Digimon Adventure V-Tamer 01Shueisha
33%
Video Game2000Pocket Digimon World: Wind Battle DiscBandai
33%
Film2001Digimon: Battle of AdventurersToei
33%
Short Film2001Digimon Adventure 02: Revenge of DiaboromonBandai / Toei
33%
Anime Series2000-2001Digimon Adventure 02Fuji TV
33%
Video Game2000Digital PartnerBandai
33%
Video Game2000Digimon Digital Card BattleBandai
33%
Video Game2000Digimon Adventure 02: D1 TamersBandai
33%
Video Game2000Digimon Adventure 02: Tag TamersBandai
33%
Video Game2000Digimon World 2Bandai
33%
Video Game2001Digimon Tamers: Pocket CulumonBandai
33%
Video Game2000Pocket Digimon WorldBandai
33%
Film2000Digimon Hurricane Touchdown / Transcendent Evolution! The Golden DigimentalsToei
33%
Short Film2000Digimon Adventure: Children's War Game!Toei
33%
Video Game1999Digital Monster Ver. WonderSwanBandai
33%
Video Game1999Digimon World: Digital Card BattleBandai
33%
Video Game1999Digimon WorldBandai
33%
Video Game1998Digital Monster Ver. S: Digimon TamersBandai
33%
Video Game2005Digimon World 4Bandai
33%
Video Game2001Pocket Digimon World: Cool & Nature Battle DiscBandai
33%
Video Game2001Digimon Tamers: Digimon MedleyBandai
33%
Video Game2002Digimon Tamers: Battle Spirit Ver. 1.5Bandai
33%
Video Game2004Digimon RacingBandai
33%
Video Game2004Digimon Rumble Arena 2Bandai
33%
Video Game2003Digimon Battle OnlineMovegames / Bandai / CDC Games / WeMade Entertainment
33%
Anime Series2002-2003Digimon FrontierFuji TV
33%
Video Game2002Digital Monster Card Game Ver. WonderSwan ColorBandai
33%
Video Game2001Digimon Tamers: Brave TamersBandai
33%
Video Game2002Digimon Battle Spirit 2Bandai
33%
Video Game2002Digital Monster: D-ProjectBandai
33%
Video Game2002Digimon World 3Bandai
33%
Short Film2002Digimon Frontier: Island of Lost Digimon/Digimon Frontier: Ancient Digimon RevivalToei
33%
Short Film2002Digimon: Runaway LocomonToei
33%
Anime Series2001-2002Digimon TamersFuji TV
33%
Video Game2001Digimon ParkBandai
33%
Video Game2001Digimon Rumble ArenaBandai
33%
Video Game2001Digimon Battle SpiritBandai
33%
Video Game2018Digimon DeAriseBandai
0%
Video Game1999Digimon Adventure: Anode/Cathode TamerBandai
0%
Anime Series2020Digimon Adventure 03N/A
0%
TV Film2005Digital Monsters X-EvolutionFuji TV
0%
Manga Series2005-2006Digimon D-CyberRightman Publishing Ltd.
0%

Score Distribution

Percentile by Number Answered

Percent of People with Each Score

Your Score History

You have not taken this quiz